[Event "Syre Memorial op 35th"]
[Site "Issy les Moulineaux"]
[Date "2012.05.20"]
[Round "6"]
[White "Nepomiachty, Alexandre"]
[Black "Mokri, Siegfried"]
[Result "1-0"]
[WhiteElo "2082"]
[BlackElo "1911"]
[PlyCount "53"]
[EventDate "2012.05.17"]
[EventType "swiss"]
[EventRounds "6"]
[EventCountry "FRA"]
[SourceTitle "EXT 2015"]
[Source "ChessBase"]
[SourceDate "2014.11.20"]
[SourceVersion "1"]
[SourceVersionDate "2014.11.20"]
[SourceQuality "1"]

1. e4 e5 2. Nf3 Nc6 3. Bb5 f5 4. Nc3 fxe4 5. Nxe4 d5 6. Nxe5 dxe4 7. Nxc6 Qd5 8. c4 Qd6 9. Nxa7+ c6 10. Nxc8 Rxc8 11. Ba4 Nf6 12. 0-0 Qd4 13. d3 Rd8 14. dxe4 Bc5 15. Qc2 Ng4 16. Bf4 0-0 17. Bg3 h5 18. Rad1 Qf6 19. Rxd8 Rxd8 20. Qe2 Qg5 21. h4 Qh6 22. Bd1 Rd2 23. Qf3 Rxb2 24. Qf5 b6 25. Bxg4 hxg4 26. e5 Rxa2 27. Qxg4 1-0

[Event "Syre Memorial op 33th"]
[Site "Issy les Moulineaux"]
[Date "2010.05.14"]
[Round "1"]
[White "Mokri, Siegfried"]
[Black "Stoenescu, Radu"]
[Result "0-1"]
[WhiteElo "1978"]
[BlackElo "2164"]
[PlyCount "36"]
[EventDate "2010.05.13"]
[EventType "swiss"]
[EventRounds "6"]
[EventCountry "FRA"]
[SourceTitle "EXT 2011"]
[Source "ChessBase"]
[SourceDate "2010.11.26"]
[SourceVersion "1"]
[SourceVersionDate "2010.11.26"]
[SourceQuality "1"]

1. e4 c5 2. Nf3 d6 3. d4 cxd4 4. Qxd4 Nc6 5. Bb5 Bd7 6. Bxc6 Bxc6 7. 0-0 h6 8. Nc3 Nf6 9. e5 Bxf3 10. exf6 e5 11. Re1 Bc6 12. Rxe5+ dxe5 13. Qxe5+ Be7 14. Bxh6 gxf6 15. Qe3 Qd6 16. Re1 Qe6 17. Bg7 Rg8 18. Qxe6 fxe6 0-1

[Event "Syre Memorial op 32nd"]
[Site "Issy les Moulineaux"]
[Date "2009.05.21"]
[Round "1"]
[White "Sorbe, Stephane"]
[Black "Mokri, Siegfried"]
[Result "1-0"]
[WhiteElo "2361"]
[BlackElo "2049"]
[PlyCount "75"]
[EventDate "2009.05.21"]
[EventType "swiss"]
[EventRounds "6"]
[EventCountry "FRA"]
[SourceTitle "EXT 2010"]
[Source "ChessBase"]
[SourceDate "2010.11.25"]
[SourceVersion "1"]
[SourceVersionDate "2010.11.25"]
[SourceQuality "1"]

1. e4 e5 2. Nf3 Nc6 3. Bc4 Nf6 4. Ng5 Bc5 5. Bxf7+ Ke7 6. Bd5 Rf8 7. 0-0 d6 8. h3 h6 9. Nf3 g5 10. Bxc6 bxc6 11. d4 exd4 12. Nxd4 Bxd4 13. Qxd4 c5 14. Qe3 Nd7 15. Nc3 Bb7 16. f4 gxf4 17. Rxf4 Ne5 18. Nd5+ Bxd5 19. exd5 Qd7 20. Rxf8 Rxf8 21. Qxh6 Qf5 22. Qg5+ Kd7 23. Qxf5+ Rxf5 24. g4 Rf7 25. Kg2 Nc4 26. b3 Nb6 27. c4 c6 28. dxc6+ Kxc6 29. Bd2 d5 30. cxd5+ Kxd5 31. g5 c4 32. Bc3 Ke4 33. g6 Rf8 34. g7 Rg8 35. Rf1 Nd7 36. bxc4 Kd3 37. Ba1 Kxc4 38. Rf7 1-0

[Event "Syre Memorial op 31st"]
[Site "Issy les Moulineaux"]
[Date "2008.05.02"]
[Round "3"]
[White "Brunner, Nicolas"]
[Black "Mokri, Siegfried"]
[Result "1-0"]
[WhiteElo "2404"]
[BlackElo "2050"]
[PlyCount "42"]
[EventDate "2008.05.01"]
[EventType "swiss"]
[EventRounds "6"]
[EventCountry "FRA"]
[SourceTitle "EXT 2010"]
[Source "ChessBase"]
[SourceDate "2010.11.25"]
[SourceVersion "1"]
[SourceVersionDate "2010.11.25"]
[SourceQuality "1"]

1. d4 d5 2. c4 c6 3. Nf3 Nf6 4. Nc3 e6 5. e3 Nbd7 6. Bd3 Bd6 7. e4 dxe4 8. Nxe4 Nxe4 9. Bxe4 Bb4+ 10. Bd2 Bxd2+ 11. Qxd2 0-0 12. 0-0-0 Qf6 13. Qe3 a5 14. Ng5 g6 15. f4 a4 16. a3 c5 17. dxc5 e5 18. fxe5 Nxe5 19. Bd5 h6 20. Ne4 Qg7 21. Rhf1 Be6 1-0

[Event "Syre Memorial op 30th"]
[Site "Issy les Moulineaux"]
[Date "2007.05.17"]
[Round "1"]
[White "Mokri, Siegfried"]
[Black "Piankov, Evgenij"]
[Result "0-1"]
[WhiteElo "2082"]
[BlackElo "2322"]
[PlyCount "80"]
[EventDate "2007.05.17"]
[EventType "swiss"]
[EventRounds "6"]
[EventCountry "FRA"]
[SourceTitle "EXT 2008"]
[Source "ChessBase"]
[SourceDate "2007.11.25"]
[SourceVersion "1"]
[SourceVersionDate "2007.11.25"]
[SourceQuality "1"]

1. e4 g6 2. d4 Bg7 3. Nf3 c6 4. Bc4 d5 5. exd5 cxd5 6. Bb5+ Nc6 7. 0-0 Bg4 8. c3 Nf6 9. h3 Bxf3 10. Qxf3 0-0 11. Re1 a6 12. Bxc6 bxc6 13. Bf4 Qb6 14. b3 Rfe8 15. Nd2 a5 16. Be5 c5 17. dxc5 Qxc5 18. Bd4 Qd6 19. c4 e5 20. Bb2 d4 21. Ne4 Nxe4 22. Qxe4 f5 23. Qd3 e4 24. Qd2 Qc5 25. Red1 Red8 26. Qe2 Rab8 27. Rd2 a4 28. Qd1 f4 29. Qe2 a3 30. Bxa3 Qxa3 31. Qxe4 Rxb3 32. axb3 Qxa1+ 33. Kh2 Qa5 34. Qe6+ Kh8 35. Qe7 h6 36. b4 Qa8 37. c5 Re8 38. Qd6 f3 39. g3 Qa1 40. Qd5 Re2 0-1

[Event "Syre Memorial op 29th"]
[Site "Issy les Moulineaux"]
[Date "2006.05.25"]
[Round "1"]
[White "Govciyan, Pavel"]
[Black "Mokri, Siegfried"]
[Result "1-0"]
[WhiteElo "2394"]
[BlackElo "2114"]
[PlyCount "69"]
[EventDate "2006.05.25"]
[EventType "swiss"]
[EventRounds "6"]
[EventCountry "FRA"]
[SourceTitle "EXT 2007"]
[Source "ChessBase"]
[SourceDate "2006.11.23"]
[SourceVersion "1"]
[SourceVersionDate "2006.11.23"]
[SourceQuality "1"]

1. d4 d5 2. Nf3 Nf6 3. c4 c6 4. Nc3 e6 5. e3 Nbd7 6. Qc2 Bd6 7. Bd3 dxc4 8. Bxc4 e5 9. 0-0 0-0 10. h3 exd4 11. exd4 Nb6 12. Bd3 Nbd5 13. a3 Nf4 14. Bxf4 Bxf4 15. Rad1 Be6 16. Ne2 Bc7 17. Ng5 h6 18. Nxe6 fxe6 19. Qb3 Qd6 20. g3 Nd5 21. Bb1 Rf6 22. Qd3 Rf5 23. f4 Nf6 24. g4 Rd5 25. Ba2 Rb5 26. b4 a5 27. Nc3 axb4 28. Nxb5 cxb5 29. Rde1 Rxa3 30. Bxe6+ Qxe6 31. Qxa3 Qc4 32. Qe3 Bb6 33. Rd1 b3 34. g5 Nd5 35. Qe8+ 1-0

[Event "Syre Memorial op 19th"]
[Site "Issy les Moulineaux"]
[Date "1996.??.??"]
[Round "4"]
[White "Baury, Ghislain"]
[Black "Mokri, Siegfried"]
[Result "1-0"]
[WhiteElo "2145"]
[BlackElo "1750"]
[PlyCount "129"]
[EventDate "1996.05.??"]
[EventType "swiss"]
[EventRounds "6"]
[EventCountry "FRA"]
[SourceTitle "EXT 2005"]
[Source "ChessBase"]
[SourceDate "2004.11.15"]
[SourceVersion "1"]
[SourceVersionDate "2004.11.15"]
[SourceQuality "1"]

1. e4 e5 2. Nc3 Nf6 3. f4 d6 4. Nf3 Nc6 5. Be2 Nd4 6. 0-0 Nxe2+ 7. Qxe2 c6 8. d4 Bg4 9. fxe5 dxe5 10. dxe5 Bxf3 11. Rxf3 Qd4+ 12. Be3 Qxe5 13. Rf5 Qe6 14. Bd4 Be7 15. Raf1 0-0 16. e5 Nd7 17. Ne4 Rae8 18. Qf2 f6 19. exf6 Bxf6 20. Nxf6+ Nxf6 21. Bxf6 Rxf6 22. Rxf6 Qxf6 23. Qxf6 gxf6 24. Rxf6 Re2 25. Rd6 Rxc2 26. Rd8+ Kg7 27. Rd7+ Kg6 28. Rxb7 c5 29. h3 c4 30. a4 a5 31. Rb5 Rc1+ 32. Kf2 h5 33. Kg3 Rc2 34. Kf3 c3 35. bxc3 Rxc3+ 36. Kf2 Rc2+ 37. Kg1 h4 38. Rxa5 Ra2 39. Ra8 Kf5 40. a5 Ra1+ 41. Kh2 Ke6 42. a6 Kf7 43. a7 Kg7 44. Rd8 Rxa7 45. Rd4 Kh6 46. Rxh4+ Kg5 47. Rb4 Ra3 48. Rb5+ Kh6 49. h4 Ra2 50. Kh3 Ra3+ 51. g3 Ra4 52. Rb6+ Kg7 53. h5 Ra3 54. Kh4 Ra4+ 55. g4 Rc4 56. h6+ Kh7 57. Kh5 Rc5+ 58. g5 Ra5 59. Rf6 Rb5 60. Kg4 Rb4+ 61. Rf4 Rb5 62. Rf5 Rb4+ 63. Kh5 Rb1 64. g6+ Kg8 65. h7+ 1-0

[Event "Syre Memorial op 19th"]
[Site "Issy les Moulineaux"]
[Date "1996.??.??"]
[Round "2"]
[White "Mokri, Siegfried"]
[Black "Chadal, Olivier"]
[Result "1/2-1/2"]
[WhiteElo "1750"]
[BlackElo "2040"]
[PlyCount "75"]
[EventDate "1996.05.??"]
[EventType "swiss"]
[EventRounds "6"]
[EventCountry "FRA"]
[SourceTitle "EXT 2005"]
[Source "ChessBase"]
[SourceDate "2004.11.15"]
[SourceVersion "1"]
[SourceVersionDate "2004.11.15"]
[SourceQuality "1"]

1. e4 c5 2. Nf3 d6 3. Bb5+ Bd7 4. Bxd7+ Nxd7 5. d4 cxd4 6. Qxd4 Ngf6 7. Nc3 g6 8. e5 dxe5 9. Nxe5 Bg7 10. 0-0 0-0 11. Rd1 Nxe5 12. Qxe5 Qb6 13. Qb5 Qc7 14. Qe2 Rac8 15. Be3 a6 16. Rac1 e6 17. Bd4 b5 18. Qf3 e5 19. Be3 b4 20. Nd5 Nxd5 21. Rxd5 e4 22. Qxe4 Bxb2 23. Rc5 Qd6 24. Rxc8 Rxc8 25. Re1 Bc3 26. Rf1 Qc6 27. Qd3 Bf6 28. Bh6 Rd8 29. Qb3 a5 30. a3 Be7 31. axb4 axb4 32. Qe3 Bf8 33. Bxf8 Kxf8 34. Re1 Re8 35. Qh6+ Kg8 36. Rxe8+ Qxe8 37. Qd2 Qe4 38. g3 1/2-1/2